LIBRARY & INFORMATION CENTRE, KCAET, TAVANUR

ONLINE PUBLIC ACCESS CATALOGUE (OPAC)

Development of methodologies for the complete utilization ofo poultry abattoir waste (Record no. 15163)

MARC details
000 -LEADER
fixed length control field 00768nam a22001937a 4500
003 - CONTROL NUMBER IDENTIFIER
control field OSt
088 ## - REPORT NUMBER
Report number P 270
100 ## - MAIN ENTRY--AUTHOR NAME
Personal name PARVATHY MENON
245 ## - TITLE STATEMENT
Title Development of methodologies for the complete utilization ofo poultry abattoir waste
260 ## - PUBLICATION, DISTRIBUTION, ETC. (IMPRINT)
Place of publication Tavanur 2013
Name of publisher Department of Land and Water Resources & Conservation Eng i- neering
300 ## - PHYSICAL DESCRIPTION
Number of Pages 48
500 ## - GENERAL NOTE
General note Development of methodologies for the complete utilization ofo poultry abattoir waste
520 ## - SUMMARY, ETC.
Summary, etc Development of methodologies for the complete utilization ofo poultry abattoir waste
700 ## - ADDED ENTRY--PERSONAL NAME
Personal name Rahul S. Warrier
700 ## - ADDED ENTRY--PERSONAL NAME
Personal name Er. Vishnu B (Guide)
856 ## - ELECTRONIC LOCATION AND ACCESS
Uniform Resource Identifier https://drive.google.com/open?id=1XUPhI5T7q4ZJkj3ai2WtXqDOWdaaS_UC
942 ## - ADDED ENTRY ELEMENTS (KOHA)
Koha item type Project Report
Holdings
Collection code Home library Current library Shelving location Full call number Accession Number Koha item type
Reference KAUAET KAUAET Reference 631.75807 PAR/DE P 270 Project Report
free website counter